[Event "SK Holsterhausen 1 - SV Wattenscheid 2"]
[Site "NRW-Klasse - Gruppe 2 2019/20"]
[Date "2019.11.03"]
[Round "3.5"]
[White "Schlange, Stefan"]
[Black "Bobzin, Pierre"]
[Result "0-1"]
[WhiteElo "2116"]
[BlackElo "2056"]
[PlyCount "86"]
[EventDate "2019.??.??"]
[SourceVersionDate "2020.03.16"]
[WhiteTeam "SV Wattenscheid 2"]
[BlackTeam "SK Holsterhausen 1"]

1. e4 c6 2. d4 d5 3. e5 Na6 4. c3 Nc7 5. Bd3 g6 6. Ne2 Nh6 7. h4 Bf5 8. Bxf5
Nxf5 9. g4 Ng7 10. Bh6 Qd7 11. Ng3 O-O-O 12. Nd2 Nh5 13. Bxf8 Nxg3 14. Rg1 Nf5
15. gxf5 Rdxf8 16. fxg6 fxg6 17. h5 Qf5 18. Qg4 gxh5 19. Qxf5+ Rxf5 20. Rg2 Ne6
21. Nf1 Rhf8 22. Ng3 Rg5 23. Rh2 Nf4 24. Kd2 Kd7 25. Rah1 Ke6 26. Ke3 h4 27.
Ne2 Ng2+ 28. Rxg2 Rxg2 29. Nf4+ Rxf4 30. Kxf4 Rxf2+ 31. Kg5 Rxb2 32. Rxh4 Rxa2
33. Rxh7 Rc2 34. Rh6+ Kd7 35. Rh3 a5 36. Kf5 a4 37. Rh8 a3 38. e6+ Kc7 39. Re8
a2 40. Ra8 Rf2+ 41. Ke5 Kb6 42. Ra3 Kb5 43. c4+ dxc4 0-1

[Event "SK Holsterhausen 1 - SV Wattenscheid 2"]
[Site "NRW-Klasse - Gruppe 2 2019/20"]
[Date "2019.11.03"]
[Round "3.6"]
[White "Lindenmaier, Reinhard"]
[Black "Schmedders, Hans-Gerd"]
[Result "1/2-1/2"]
[WhiteElo "1985"]
[BlackElo "2106"]
[PlyCount "41"]
[EventDate "2019.??.??"]
[SourceVersionDate "2020.03.16"]
[WhiteTeam "SK Holsterhausen 1"]
[BlackTeam "SV Wattenscheid 2"]

1. c4 c5 2. g3 g6 3. Bg2 Bg7 4. Nc3 Nc6 5. e3 e6 6. Nge2 Nge7 7. O-O O-O 8. d4
cxd4 9. exd4 d5 10. cxd5 exd5 11. Nf4 Nxd4 12. Nfxd5 Nxd5 13. Nxd5 Re8 14. Be3
Ne6 15. Qd2 Bd7 16. Rfd1 Ba4 17. Re1 Bc6 18. Rad1 Bxd5 19. Bxd5 Qe7 20. Bxe6
Qxe6 21. Qd5 1/2-1/2

[Event "SK Holsterhausen 1 - SV Wattenscheid 2"]
[Site "NRW-Klasse - Gruppe 2 2019/20"]
[Date "2019.11.03"]
[Round "3.7"]
[White "Schwebel, Markus"]
[Black "Sicars, Thorsten"]
[Result "1-0"]
[WhiteElo "1958"]
[BlackElo "1988"]
[PlyCount "73"]
[EventDate "2019.??.??"]
[SourceVersionDate "2020.03.16"]
[WhiteTeam "SV Wattenscheid 2"]
[BlackTeam "SK Holsterhausen 1"]

1. e4 d6 2. d4 Nf6 3. Nc3 e5 4. Nf3 exd4 5. Nxd4 Be7 6. Bc4 O-O 7. O-O Re8 8.
Bg5 c6 9. Bb3 Na6 10. Qd2 Nc5 11. Rfe1 Bd7 12. Qf4 Nxb3 13. axb3 Ng4 14. Bxe7
Qxe7 15. Rad1 Rad8 16. Qg3 Qf6 17. f4 Qh6 18. Nf3 Bc8 19. f5 Bxf5 20. exf5 Ne3
21. Rd2 Nxf5 22. Qf2 a6 23. Rde2 Rxe2 24. Qxe2 Rf8 25. g4 Nh4 26. Nxh4 Qxh4 27.
Ne4 h5 28. gxh5 d5 29. Ng3 Qd4+ 30. Qe3 Qxb2 31. Re2 Qf6 32. Rf2 Qd8 33. Qf4
Qd7 34. h6 Qh3 35. hxg7 Kxg7 36. Qg5+ Kh8 37. Rf4 1-0

[Event "SK Holsterhausen 1 - SV Wattenscheid 2"]
[Site "NRW-Klasse - Gruppe 2 2019/20"]
[Date "2019.11.03"]
[Round "3.8"]
[White "Warmbier, Robert"]
[Black "Meyer, Juergen"]
[Result "0-1"]
[WhiteElo "1886"]
[BlackElo "1855"]
[PlyCount "76"]
[EventDate "2019.??.??"]
[SourceVersionDate "2020.03.16"]
[WhiteTeam "SK Holsterhausen 1"]
[BlackTeam "SV Wattenscheid 2"]

1. e4 c5 2. b3 Nf6 3. e5 Nd5 4. Bb2 e6 5. Nc3 Nxc3 6. Bxc3 Nc6 7. g3 Qc7 8. f4
b6 9. Bg2 Bb7 10. Nf3 O-O-O 11. O-O h6 12. Qe2 Be7 13. a4 g5 14. f5 exf5 15.
Ne1 f4 16. gxf4 gxf4 17. Rxf4 Rdf8 18. a5 Rhg8 19. axb6 axb6 20. Rfa4 d5 21. e6
fxe6 22. Qxe6+ Qd7 23. Qe2 d4 24. Bb2 Qf5 25. Ra8+ Kc7 26. Rxf8 Bxf8 27. Kh1
Bd6 28. Nf3 Qxc2 29. Rf1 Qg6 30. d3 Ne5 31. Nh4 Bxg2+ 32. Nxg2 Qxd3 33. Rf7+
Kc6 34. Rf2 Qxe2 35. Rxe2 Rf8 36. Kg1 Ng4 37. h3 Bh2+ 38. Kh1 Rf1# 0-1

[Event "SK Münster 3 - SV Soest 1"]
[Site "NRW-Klasse - Gruppe 2 2019/20"]
[Date "2020.01.12"]
[Round "5.1"]
[White "Tscheuschner, Tobias"]
[Black "Seegers, Hendrik"]
[Result "0-1"]
[WhiteElo "2093"]
[BlackElo "2088"]
[PlyCount "108"]
[EventDate "2020.??.??"]
[SourceVersionDate "2020.03.16"]
[WhiteTeam "SV Soest 1"]
[BlackTeam "SK Münster 3"]

1. e4 c6 2. d4 d5 3. exd5 cxd5 4. Bd3 Nf6 5. h3 e6 6. Nf3 Bd6 7. c3 Nbd7 8. O-O
O-O 9. Re1 Qc7 10. Qe2 Re8 11. Ne5 Nf8 12. Nd2 Bd7 13. Ndf3 a6 14. Bf4 Bc6 15.
Bh2 N6d7 16. Rad1 b5 17. Bb1 Nxe5 18. Bxe5 f6 19. Bxd6 Qxd6 20. a3 a5 21. Qd2
b4 22. axb4 axb4 23. cxb4 Rab8 24. Rc1 Rb6 25. Rc5 Reb8 26. Rec1 Bd7 27. b5
Bxb5 28. b3 Be8 29. Bc2 Bg6 30. Bd1 Bh5 31. R1c3 Bf7 32. Qe3 Ra8 33. Rc1 Ra2
34. Qc3 Rb8 35. b4 Be8 36. Qb3 Ra7 37. b5 Rab7 38. Be2 Qb6 39. Qe3 Qa5 40. Rb1
Rb6 41. Rb3 Qa7 42. Qc3 Qe7 43. Rc8 R8b7 44. Qc5 Kf7 45. Ne1 Bd7 46. Rc7 Qxc5
47. Rxc5 Ke7 48. Nc2 Kd6 49. Ne3 Ng6 50. Bd3 Nf4 51. Bxh7 Ne2+ 52. Kh2 Nxd4 53.
Rbc3 Nxb5 54. Rc1 Nd4 0-1

[Event "SK Münster 3 - SV Soest 1"]
[Site "NRW-Klasse - Gruppe 2 2019/20"]
[Date "2020.01.12"]
[Round "5.2"]
[White "Korth, Daniel"]
[Black "Breker, Roland"]
[Result "1/2-1/2"]
[WhiteElo "2159"]
[BlackElo "2023"]
[PlyCount "107"]
[EventDate "2020.??.??"]
[SourceVersionDate "2020.03.16"]
[WhiteTeam "SK Münster 3"]
[BlackTeam "SV Soest 1"]

1. d4 f5 2. g3 e6 3. Bg2 Nf6 4. c4 Be7 5. Nf3 d6 6. O-O O-O 7. Nc3 Ne4 8. Nxe4
fxe4 9. Ne1 d5 10. f3 Nc6 11. Be3 dxc4 12. fxe4 Rxf1+ 13. Kxf1 Bd7 14. Qc2 b5
15. Rd1 a5 16. Nf3 Qe8 17. Kg1 e5 18. d5 Nb4 19. Qd2 Bd6 20. a3 Na6 21. Qc2 b4
22. Qxc4 Bb5 23. Qc1 bxa3 24. bxa3 Qe7 25. Qc3 Bxe2 26. Ra1 Nc5 27. Nd2 a4 28.
Bf1 Bxf1 29. Rxf1 Rb8 30. Kg2 h6 31. Qc4 Kh7 32. Rb1 Rf8 33. Rc1 Nb3 34. Nxb3
axb3 35. Qxb3 Bxa3 36. Ra1 Bc5 37. Rc1 Bd6 38. Qc4 Rb8 39. Qd3 Rb2+ 40. Rc2 Rb4
41. Rc4 Rb2+ 42. Rc2 Rb4 43. Bd2 Ra4 44. Qf3 Qe8 45. Qf5+ Qg6 46. Qxg6+ Kxg6
47. Kf3 h5 48. Be3 Ra5 49. Rc3 Kf6 50. h4 Ke7 51. g4 g6 52. gxh5 gxh5 53. Ke2
Kd7 54. Kf3 1/2-1/2

[Event "SK Münster 3 - SV Soest 1"]
[Site "NRW-Klasse - Gruppe 2 2019/20"]
[Date "2020.01.12"]
[Round "5.3"]
[White "Nolte, Klaus"]
[Black "Mueschenich, Stefan"]
[Result "1/2-1/2"]
[WhiteElo "1948"]
[BlackElo "2073"]
[PlyCount "44"]
[EventDate "2020.??.??"]
[SourceVersionDate "2020.03.16"]
[WhiteTeam "SV Soest 1"]
[BlackTeam "SK Münster 3"]

1. e4 Nf6 2. e5 Nd5 3. d4 d6 4. f4 Bf5 5. Nf3 e6 6. Bd3 Bxd3 7. Qxd3 Nc6 8. a3
dxe5 9. fxe5 Be7 10. O-O h6 11. c4 Nb6 12. Be3 Qd7 13. Nbd2 Rd8 14. b4 O-O 15.
Rad1 f5 16. exf6 Bxf6 17. Ne4 Qe7 18. Nxf6+ Rxf6 19. b5 Nb8 20. Ne5 N8d7 21.
Ng4 Rxf1+ 22. Rxf1 Rf8 1/2-1/2

[Event "SK Münster 3 - SV Soest 1"]
[Site "NRW-Klasse - Gruppe 2 2019/20"]
[Date "2020.01.12"]
[Round "5.4"]
[White "Wieder, Heiner"]
[Black "Gerard, Marcel"]
[Result "0-1"]
[WhiteElo "2045"]
[BlackElo "1948"]
[PlyCount "60"]
[EventDate "2020.??.??"]
[SourceVersionDate "2020.03.16"]
[WhiteTeam "SK Münster 3"]
[BlackTeam "SV Soest 1"]

1. e4 c5 2. Nf3 g6 3. c3 Bg7 4. d4 cxd4 5. cxd4 d5 6. e5 Bg4 7. Qb3 Qd7 8. Nc3
Bxf3 9. gxf3 Nc6 10. Be3 e6 11. Nb5 Bf8 12. Rc1 a6 13. Nc3 Bb4 14. Bd3 f6 15.
f4 f5 16. Ke2 Nge7 17. Na4 Rb8 18. a3 b5 19. Nc5 Bxc5 20. Rxc5 Qb7 21. Qc2 Kd7
22. h4 h6 23. b4 g5 24. hxg5 hxg5 25. Rxh8 Rxh8 26. Qc3 Rh4 27. a4 gxf4 28.
axb5 axb5 29. Bxb5 fxe3 30. Qxe3 Re4 0-1

[Event "SK Münster 3 - SV Soest 1"]
[Site "NRW-Klasse - Gruppe 2 2019/20"]
[Date "2020.01.12"]
[Round "5.5"]
[White "Seibt, Matthias"]
[Black "Niermann, Rainer"]
[Result "0-1"]
[WhiteElo "2055"]
[BlackElo "1997"]
[Annotator "Daniel"]
[PlyCount "146"]
[EventDate "2020.??.??"]
[SourceVersionDate "2020.03.16"]
[WhiteTeam "SV Soest 1"]
[BlackTeam "SK Münster 3"]

1. g3 c5 2. Nf3 Nc6 3. Bg2 g6 4. O-O Bg7 5. d3 d5 6. Nc3 Nf6 7. a3 O-O 8. Rb1
d4 9. Na4 Qd6 10. c4 Bg4 11. b4 b6 12. b5 Na5 13. Bf4 Qe6 14. h3 Bxf3 15. exf3
Nb7 16. Re1 Qd7 17. Bg5 h6 18. Bxf6 Bxf6 19. Qd2 Kg7 20. f4 Rab8 21. Re2 h5 22.
Kh2 Nd6 23. Nb2 a6 24. Bc6 Qc7 25. Kg2 Rh8 26. Ree1 Nc8 27. Bf3 a5 28. Rh1 Nd6
29. Rbe1 e6 30. Bc6 Nf5 31. Nd1 Bd8 32. Qe2 Bf6 33. Qd2 Be7 34. Nb2 Bd6 35. h4
Qd8 36. Be4 Nh6 37. Bf3 Qf6 38. Qe2 Bc7 39. Qd2 Rhe8 40. Re2 Re7 41. Rhe1 Nf5
42. Rh1 Rbe8 43. Bc6 $11 Rd8 44. Na4 Rd6 45. Be4 Nh6 46. Bf3 Rd8 47. Rhe1 Nf5
48. Rh1 e5 49. fxe5 Rxe5 50. Rxe5 Qxe5 51. Re1 Qd6 52. Bd5 Nxg3 53. fxg3 Qxg3+
54. Kf1 Rd6 55. Re2 Rf6+ 56. Rf2 Bf4 57. Qb2 Qxd3+ 58. Qe2 Qg3 59. Qf3 Qxh4 60.
Nxb6 Bg5 61. Qg2 Be3 62. Rxf6 Qxf6+ 63. Qf3 Qxb6 64. Qxf7+ Kh6 65. Ke2 Qd6 66.
Kd3 Qf4 67. Qxf4+ Bxf4 68. Bf3 Kg5 69. Ke4 h4 70. Kd5 d3 71. Kxc5 Be3+ 72. Kd5
Kf4 73. c5 Kxf3 0-1

[Event "SK Münster 3 - SV Soest 1"]
[Site "NRW-Klasse - Gruppe 2 2019/20"]
[Date "2020.01.12"]
[Round "5.6"]
[White "Ollech, Dirk"]
[Black "Luimes, Werner"]
[Result "0-1"]
[WhiteElo "1870"]
[BlackElo "1847"]
[Annotator "Daniel"]
[PlyCount "72"]
[EventDate "2020.??.??"]
[SourceVersionDate "2020.03.16"]
[WhiteTeam "SK Münster 3"]
[BlackTeam "SV Soest 1"]

1. Nf3 g6 2. c4 Nf6 3. Nc3 Bg7 4. g3 d6 5. Bg2 e5 6. O-O Nc6 7. d3 O-O 8. Rb1
a5 9. a3 Nh5 10. b4 axb4 11. axb4 f5 12. Qb3 Kh8 13. b5 Ne7 14. Nd2 c6 15. Ba3
Be6 16. e3 Qc7 17. f4 Nf6 18. fxe5 dxe5 19. Bxe7 Qxe7 20. bxc6 bxc6 21. Bxc6
Qc5 22. Bxa8 Qxe3+ 23. Kg2 Rxa8 24. Nf3 Ng4 25. Qb7 Rd8 26. Qc7 Qxd3 27. Nd5
Rg8 28. Rbd1 Ne3+ 29. Nxe3 Qxe3 30. Kh1 Qe2 31. Ng5 Qxc4 32. Nxe6 Qxe6 33. Rd8
h5 34. Rfd1 Qb3 35. Rxg8+ Kxg8 36. Rd8+ Kh7 {ZÜ} 0-1

[Event "SK Münster 3 - SV Soest 1"]
[Site "NRW-Klasse - Gruppe 2 2019/20"]
[Date "2020.01.12"]
[Round "5.7"]
[White "Greving, Hermann"]
[Black "Meyer, Ulrich"]
[Result "1/2-1/2"]
[WhiteElo "1789"]
[BlackElo "1896"]
[PlyCount "112"]
[EventDate "2020.??.??"]
[SourceVersionDate "2020.03.16"]
[WhiteTeam "SV Soest 1"]
[BlackTeam "SK Münster 3"]

1. d4 d5 2. c4 dxc4 3. e3 e5 4. Bxc4 exd4 5. Nf3 Nc6 6. Nxd4 Nxd4 7. Qxd4 Qxd4
8. exd4 Bd6 9. O-O Ne7 10. Nc3 c6 11. Re1 Bf5 12. d5 O-O 13. Bg5 Nxd5 14. Nxd5
cxd5 15. Bxd5 Rfe8 16. Bxb7 Rab8 17. Ba6 Be5 18. Rad1 Bxb2 19. Rxe8+ Rxe8 20.
Be3 h6 21. a4 Bf6 22. Bb5 Re7 23. Kf1 Rc7 24. Ke2 Bg4+ 25. f3 Be6 26. Rc1 Rxc1
27. Bxc1 Be5 28. Be3 Bb8 29. Kd3 Bc8 30. h3 a6 31. Bc6 Bd6 32. Kc4 Kf8 33. Bc5
Ke7 34. Kb4 Bf5 35. Be4 a5+ 36. Kb5 Bd7+ 37. Bc6 Bc8 38. Bxd6+ Kxd6 39. Ba8 Ke5
40. Kxa5 Bd7 41. Kb4 Bxa4 42. Kxa4 Kf4 43. g4 Kg3 44. Kb4 Kxh3 45. Kc4 Kg3 46.
Kd4 Kf4 47. Bd5 f5 48. gxf5 h5 49. Bc4 h4 50. Bf1 Kxf3 51. Ke5 Kf2 52. Bc4 h3
53. Ke6 Kg3 54. Kf7 Kf4 55. Kg6 h2 56. Bd5 Kg4 1/2-1/2

[Event "SK Münster 3 - SV Soest 1"]
[Site "NRW-Klasse - Gruppe 2 2019/20"]
[Date "2020.01.12"]
[Round "5.8"]
[White "Wingenfeld, Klaus"]
[Black "Enste, Thomas"]
[Result "1-0"]
[WhiteElo "1848"]
[BlackElo "1759"]
[PlyCount "49"]
[EventDate "2020.??.??"]
[SourceVersionDate "2020.03.16"]
[WhiteTeam "SK Münster 3"]
[BlackTeam "SV Soest 1"]

1. d4 d5 2. Bf4 e6 3. e3 f5 4. c4 Nf6 5. Nc3 c6 6. Nf3 Ne4 7. Ne5 g6 8. Qc2 Bb4
9. f3 g5 10. Bg3 Nxg3 11. hxg3 Qf6 12. a3 Bd6 13. f4 g4 14. cxd5 exd5 15. Nxd5
Qe6 16. Nc3 Qg8 17. Bc4 Be6 18. Qb3 Bxc4 19. Nxc4 Ke7 20. Qxb7+ Nd7 21. Nxd6
Kxd6 22. Rh6+ Ke7 23. Qxc6 Nb6 24. Qd6+ Kf7 25. Qe6+ 1-0

[Event "SV Sundern 1 - Südlohner SV 1"]
[Site "NRW-Klasse - Gruppe 2 2019/20"]
[Date "2020.01.12"]
[Round "5.1"]
[White "Michalczak, Thomas"]
[Black "Hristodorescu, Daniel"]
[Result "1-0"]
[WhiteElo "2262"]
[BlackElo "2213"]
[PlyCount "91"]
[EventDate "2020.??.??"]
[SourceVersionDate "2020.03.16"]
[WhiteTeam "Südlohner SV 1"]
[BlackTeam "SV Sundern 1"]

1. e4 e5 2. Nf3 Nc6 3. Bc4 Bc5 4. c3 Nf6 5. d4 exd4 6. cxd4 Bb4+ 7. Nc3 Nxe4 8.
O-O Bxc3 9. d5 Bf6 10. Re1 Ne7 11. Rxe4 d6 12. Bg5 Bxg5 13. Nxg5 h6 14. Qe2
hxg5 15. Re1 Be6 16. h3 c6 17. dxe6 f6 18. Rg4 Qc7 19. Qe3 O-O-O 20. Qxa7 b5
21. Qa8+ Qb8 22. Qa3 Rh4 23. Rxh4 gxh4 24. Bxb5 Qxb5 25. Re4 Nd5 26. Ra4 Nc7
27. Rb4 Qe5 28. Rb6 Qe1+ 29. Kh2 Qxe6 30. Rxc6 Qe5+ 31. Kg1 Qe1+ 32. Kh2 Qe5+
33. Kg1 d5 34. Qa6+ Kd7 35. Qa4 Ke7 36. Qxh4 Ne6 37. Qb4+ Kf7 38. Qb7+ Kg8 39.
Qe7 Qe1+ 40. Kh2 Qe5+ 41. g3 Ng5 42. Qxd8+ Kh7 43. Qc8 Qe2 44. Qf5+ g6 45. Rc7+
Kh6 46. Qf4 1-0

[Event "SV Sundern 1 - Südlohner SV 1"]
[Site "NRW-Klasse - Gruppe 2 2019/20"]
[Date "2020.01.12"]
[Round "5.2"]
[White "Stolte, Alexander"]
[Black "Kolakovic, Klaudio"]
[Result "1-0"]
[WhiteElo "2148"]
[BlackElo "2108"]
[PlyCount "43"]
[EventDate "2020.??.??"]
[SourceVersionDate "2020.03.16"]
[WhiteTeam "SV Sundern 1"]
[BlackTeam "Südlohner SV 1"]

1. c4 e5 2. Nc3 f5 3. e4 d6 4. d4 exd4 5. Qxd4 Nc6 6. Qe3 Be7 7. Bd3 fxe4 8.
Nxe4 Ne5 9. Nf3 Nxd3+ 10. Qxd3 Nf6 11. Nfg5 Nxe4 12. Qxe4 g6 13. Qd5 Rf8 14.
Nxh7 c6 15. Qd4 Rg8 16. O-O c5 17. Qd5 Rg7 18. Re1 Kd7 19. Ng5 Kc7 20. Bf4 Kb6
21. Rxe7 Rxe7 22. Bxd6 1-0

[Event "SV Sundern 1 - Südlohner SV 1"]
[Site "NRW-Klasse - Gruppe 2 2019/20"]
[Date "2020.01.12"]
[Round "5.3"]
[White "Voelker, Christian"]
[Black "Schober, Ralf"]
[Result "1-0"]
[WhiteElo "2078"]
[BlackElo "1995"]
[Annotator "Daniel"]
[PlyCount "71"]
[EventDate "2020.??.??"]
[SourceVersionDate "2020.03.16"]
[WhiteTeam "Südlohner SV 1"]
[BlackTeam "SV Sundern 1"]

1. e4 e6 2. d4 d5 3. Nc3 h6 4. Nf3 Nf6 5. Bd3 Bb4 6. exd5 exd5 7. O-O O-O 8.
Ne2 Bg4 9. Ne5 Nc6 10. Nxg4 Nxg4 11. Nf4 Nf6 12. c3 Bd6 13. Qf3 Re8 14. Be3 Nb8
15. g3 c6 16. Ng2 Nbd7 17. Nh4 Bf8 18. Nf5 Re6 19. Rae1 Qb6 20. Re2 Rae8 21.
Rfe1 Qd8 22. g4 Ne4 23. Qg2 Nd6 24. Ng3 Ne4 $11 25. Nh5 Bd6 26. f3 Ng5 27. h4
Nh7 28. g5 g6 29. gxh6 Qxh4 30. Ng7 Bg3 31. Nxe6 Bxe1 32. Ng7 Rxe3 33. Rxe3 Bg3
34. Nf5 gxf5 35. f4 Nhf6 36. Rxg3+ 1-0

[Event "SV Sundern 1 - Südlohner SV 1"]
[Site "NRW-Klasse - Gruppe 2 2019/20"]
[Date "2020.01.12"]
[Round "5.4"]
[White "Plass, Mariana-Camelia"]
[Black "van Lith, Arjan"]
[Result "1-0"]
[WhiteElo "2022"]
[BlackElo "2188"]
[PlyCount "133"]
[EventDate "2020.??.??"]
[SourceVersionDate "2020.03.16"]
[WhiteTeam "SV Sundern 1"]
[BlackTeam "Südlohner SV 1"]

1. d4 Nf6 2. c4 e6 3. g3 d5 4. Bg2 Bb4+ 5. Bd2 Bd6 6. Qc2 Nbd7 7. c5 Be7 8. Nf3
Ne4 9. Be3 c6 10. O-O O-O 11. Nbd2 Nxd2 12. Bxd2 Bf6 13. Bf4 Re8 14. Qc3 b6 15.
b4 a5 16. a3 Ba6 17. Rfe1 Bc4 18. Bd6 axb4 19. axb4 Rxa1 20. Qxa1 Qa8 21. Qc3
bxc5 22. bxc5 Qa6 23. e4 Ra8 24. Nd2 Bb5 25. Nb3 Bd8 26. Ra1 Qb7 27. exd5 cxd5
28. Qb4 Rxa1+ 29. Nxa1 Qa6 30. Nb3 Bc4 31. h4 h6 32. Nd2 Qa1+ 33. Qb1 Qxb1+ 34.
Nxb1 Bb5 35. Nc3 Bc6 36. Bf1 Nf6 37. Bb5 Ba8 38. c6 Ne8 39. Bc5 Ba5 40. Na2 Nc7
41. Ba4 Na6 42. Bd6 Bc7 43. Nb4 Bxd6 44. Nxa6 Kf8 45. c7 Bb7 46. Nc5 Bxc5 47.
dxc5 Ke7 48. f4 Bc8 49. Bc6 Kf6 50. Kf2 g5 51. hxg5+ hxg5 52. Ba8 gxf4 53. gxf4
Ke7 54. Bc6 f6 55. Ke3 Ba6 56. Kd4 Bc8 57. Bb5 Bb7 58. c6 Bc8 59. Kc5 d4 60.
Bd3 e5 61. f5 Ke8 62. Kb6 Ke7 63. Ka7 e4 64. Bxe4 Kd6 65. Kb8 Ba6 66. Bd3 Bxd3
67. c8=Q 1-0

[Event "SV Sundern 1 - Südlohner SV 1"]
[Site "NRW-Klasse - Gruppe 2 2019/20"]
[Date "2020.01.12"]
[Round "5.5"]
[White "Doennebrink, Elmar"]
[Black "Tillmann, Markus"]
[Result "0-1"]
[WhiteElo "2075"]
[BlackElo "2095"]
[PlyCount "102"]
[EventDate "2020.??.??"]
[SourceVersionDate "2020.03.16"]
[WhiteTeam "Südlohner SV 1"]
[BlackTeam "SV Sundern 1"]

1. e4 e5 2. Nf3 Nc6 3. Bb5 a6 4. Ba4 Nf6 5. O-O Be7 6. Re1 b5 7. Bb3 O-O 8. c3
d6 9. h3 Na5 10. Bc2 c5 11. d4 cxd4 12. cxd4 Qc7 13. Nc3 Nc6 14. Bg5 b4 15. Ne2
Bd7 16. Rc1 Qa5 17. Ba4 Rac8 18. d5 Nb8 19. Bxd7 Nbxd7 20. Ng3 Rfe8 21. a3 bxa3
22. bxa3 Nc5 23. Nf5 Qd8 24. Nxe7+ Qxe7 25. Nh4 g6 26. Qf3 Kg7 27. Qe3 Rb8 28.
Rxc5 dxc5 29. f4 exf4 30. Qxf4 Qe5 31. Bxf6+ Qxf6 32. Qg3 Qd4+ 33. Kh1 Kh8 34.
Nf3 Qd3 35. Qh4 Rb1 36. Ng5 Rxe1+ 37. Kh2 h5 38. Qxe1 Qxd5 39. Qg3 Rxe4 40.
Nxe4 Qxe4 41. Qc7 Qc4 42. Kg3 Qc3+ 43. Kh2 Kg7 44. a4 a5 45. Qf4 c4 46. Qc7 h4
47. Qc5 Qg3+ 48. Kg1 c3 49. Kf1 Qf4+ 50. Ke2 Qd2+ 51. Kf3 c2 0-1

[Event "SV Sundern 1 - Südlohner SV 1"]
[Site "NRW-Klasse - Gruppe 2 2019/20"]
[Date "2020.01.12"]
[Round "5.6"]
[White "Plass, Heinz"]
[Black "Engels, Natia"]
[Result "1/2-1/2"]
[WhiteElo "1987"]
[BlackElo "2063"]
[PlyCount "41"]
[EventDate "2020.??.??"]
[SourceVersionDate "2020.03.16"]
[WhiteTeam "SV Sundern 1"]
[BlackTeam "Südlohner SV 1"]

1. d4 Nf6 2. c4 g6 3. Nc3 Bg7 4. e4 d6 5. Nf3 O-O 6. h3 e5 7. d5 c6 8. g4 cxd5
9. cxd5 Nbd7 10. Be3 Qa5 11. Nd2 Nc5 12. Qb1 Na4 13. Nb5 Bd7 14. b4 Qd8 15. Qb3
Nb6 16. Be2 Ne8 17. g5 a6 18. Nc3 f5 19. f3 Nc8 20. h4 b5 21. a4 1/2-1/2

[Event "SV Sundern 1 - Südlohner SV 1"]
[Site "NRW-Klasse - Gruppe 2 2019/20"]
[Date "2020.01.12"]
[Round "5.7"]
[White "Funke, Reinhard"]
[Black "Kevekordes, Peter"]
[Result "1/2-1/2"]
[WhiteElo "2050"]
[BlackElo "1910"]
[PlyCount "36"]
[EventDate "2020.??.??"]
[SourceVersionDate "2020.03.16"]
[WhiteTeam "Südlohner SV 1"]
[BlackTeam "SV Sundern 1"]

1. d4 d5 2. c4 c6 3. e3 Nf6 4. Nc3 Bf5 5. Be2 e6 6. Nf3 Be7 7. O-O h6 8. Qb3
Qb6 9. c5 Qc7 10. Ne5 Nbd7 11. f4 Nxe5 12. fxe5 Nd7 13. Bd2 b6 14. cxb6 Qxb6
15. Qxb6 axb6 16. a3 O-O 17. Rac1 f6 18. exf6 Nxf6 1/2-1/2

[Event "SV Sundern 1 - Südlohner SV 1"]
[Site "NRW-Klasse - Gruppe 2 2019/20"]
[Date "2020.01.12"]
[Round "5.8"]
[White "Schulte, Josef"]
[Black "Hater, Wolfgang"]
[Result "0-1"]
[WhiteElo "1910"]
[BlackElo "1997"]
[PlyCount "202"]
[EventDate "2020.??.??"]
[SourceVersionDate "2020.03.16"]
[WhiteTeam "SV Sundern 1"]
[BlackTeam "Südlohner SV 1"]

1. d4 d6 2. c4 Nf6 3. Nc3 Nbd7 4. e4 e5 5. Nf3 Be7 6. Be2 O-O 7. O-O c6 8. b3
exd4 9. Nxd4 Nc5 10. Bf3 a5 11. Bf4 Qc7 12. Qd2 Re8 13. h3 Bf8 14. Rfe1 Nfd7
15. Rad1 Ne5 16. Be2 Qb6 17. Be3 a4 18. Rb1 axb3 19. axb3 Qc7 20. b4 Ncd7 21.
Nf5 Nf6 22. Rbd1 Bxf5 23. exf5 d5 24. cxd5 Bxb4 25. Qb2 Qe7 26. Bg5 Bxc3 27.
Qxc3 Ne4 28. Bxe7 Nxc3 29. d6 Nd7 30. Rc1 Nxe2+ 31. Rxe2 c5 32. Rb2 b6 33. f4
Rec8 34. Kf2 Ra3 35. Rcc2 Ra5 36. Ra2 Rca8 37. Rxa5 Rxa5 38. Ke3 b5 39. Bd8 Ra6
40. Bc7 Ra3+ 41. Kd2 c4 42. Kc1 Kf8 43. Rb2 Rb3 44. Rxb3 cxb3 45. Kb2 Ke8 46.
Kxb3 Nf6 47. Kb4 Kd7 48. Kxb5 Nh5 49. Kc5 Nxf4 50. Kd4 Nxg2 51. Ke4 Nh4 52. Kf4
f6 53. Ke4 g6 54. fxg6 hxg6 55. Bb8 Ke6 56. Kf4 Nf5 57. Kg4 Nxd6 58. h4 Nf7 59.
Kf4 Nh6 60. Ba7 Nf5 61. Bf2 Ng7 62. Be1 Kd5 63. Bc3 Ne6+ 64. Kf3 Nd4+ 65. Kg4
Ke4 66. Bd2 Nf3 67. Bc1 Ne5+ 68. Kg3 Kf5 69. Be3 Nc4 70. Bc1 Nd6 71. Kf3 Ne4
72. Be3 Nd6 73. Bc1 Nf7 74. Bb2 Ne5+ 75. Kg3 Ke4 76. Bc1 Nd3 77. Bd2 f5 78. Ba5
Nc1 79. Bd2 Ne2+ 80. Kf2 Nf4 81. Kg3 Nh5+ 82. Kf2 f4 83. Ba5 Ng7 84. Bd8 Ne6
85. Bb6 Nd4 86. Bc5 Nc6 87. Bb6 Ne5 88. Ba7 Kf5 89. Bb8 Nc6 90. Bd6 Kg4 91. Bc7
Nd4 92. Bd8 Nf5 93. h5 gxh5 94. Bc7 Ng3 95. Bb8 h4 96. Kg2 Ne4 97. Kh2 f3 98.
Ba7 f2 99. Kg2 h3+ 100. Kf1 Kf3 101. Bxf2 Nxf2 0-1

[Event "SF Essen-Katernberg  2 - Gütersloher S"]
[Site "NRW-Klasse - Gruppe 2 2019/20"]
[Date "2020.01.12"]
[Round "5.1"]
[White "Plaßmann, Dominik"]
[Black "Gassmann, Volker"]
[Result "1-0"]
[WhiteElo "2106"]
[BlackElo "2229"]
[Annotator "Daniel"]
[PlyCount "167"]
[EventDate "2020.??.??"]
[SourceVersionDate "2020.03.16"]
[WhiteTeam "Gütersloher SV 1"]
[BlackTeam "SF Essen-Katernberg  2"]

1. e4 c6 2. d4 d5 3. f3 e6 4. Nc3 Bb4 5. Be3 dxe4 6. fxe4 Qh4+ 7. g3 Bxc3+ 8.
bxc3 Qxe4 9. Qe2 Nf6 10. Bg2 Qf5 11. Nf3 Nbd7 12. O-O Qh5 13. Rae1 O-O 14. Bf4
b6 15. h3 Qa5 16. Qd2 Ba6 17. Rf2 Nd5 18. Bd6 Qxc3 19. Qxc3 Nxc3 20. Bxf8 Rxf8
21. Ne5 Nxe5 22. Rxe5 Bb5 23. Re1 Rd8 24. Rd2 Kf8 25. Re3 $11 Nd5 26. Bxd5 cxd5
27. Ra3 Rd7 28. Rc3 Bc4 29. a3 Ke7 30. Kf2 b5 31. Ke3 Rd6 32. Rf2 f6 33. Kd2
Ra6 34. Re3 Ra4 35. Kc1 h6 36. h4 Ra6 37. Kb2 Rb6 38. c3 Rb8 39. Kc1 Kd6 40.
Kd2 Rh8 41. Re1 Re8 42. Re3 Re7 43. Re1 Rb7 44. Rf3 a5 45. Rfe3 Re7 46. Rf3 Re8
47. Rf2 Rb8 48. Rf3 Kd7 49. Rfe3 Re8 50. Rf3 Re7 51. Rf2 Kd6 52. Rf3 e5 53.
dxe5+ fxe5 54. Rf8 b4 55. axb4 axb4 56. cxb4 Ra7 57. Rd8+ Ke7 58. Rg8 Kf7 59.
Rc8 Ra2+ 60. Kc3 Ra3+ 61. Kb2 Rb3+ 62. Kc2 Kf6 63. Rf8+ Ke7 64. Rg8 e4 65.
Rxg7+ Kf6 66. Rc7 Ke5 67. g4 Rxb4 68. g5 hxg5 69. hxg5 Bd3+ 70. Kc3 Rb6 71.
Re7+ Kf5 72. Kd4 Bc4 73. Re5+ Kf4 74. Rg1 Rg6 75. Rg2 Kf3 76. Rh2 Kf4 77. Rh4+
Kf3 78. Rh6 Rg8 79. Rf6+ Kg4 80. g6 Bb3 81. Ke3 Rc8 82. Rf4+ Kg3 83. Rg5+ Kh3
84. g7 1-0

[Event "SF Essen-Katernberg  2 - Gütersloher S"]
[Site "NRW-Klasse - Gruppe 2 2019/20"]
[Date "2020.01.12"]
[Round "5.2"]
[White "Villwock, Martin"]
[Black "Janyska, Dennis"]
[Result "1-0"]
[WhiteElo "2092"]
[BlackElo "2050"]
[PlyCount "47"]
[EventDate "2020.??.??"]
[SourceVersionDate "2020.03.16"]
[WhiteTeam "SF Essen-Katernberg  2"]
[BlackTeam "Gütersloher SV 1"]

1. e4 d5 2. exd5 Nf6 3. d4 Bg4 4. Qd3 Qxd5 5. c4 Qd6 6. Be3 e5 7. d5 c6 8. Nc3
Qd7 9. Nf3 Bxf3 10. gxf3 Bb4 11. O-O-O cxd5 12. Nxd5 Nxd5 13. cxd5 O-O 14. h4
Qa4 15. Kb1 Nd7 16. Bh3 Rfd8 17. Bg5 f6 18. Be3 Rac8 19. Rhg1 Qa6 20. Be6+ Kh8
21. Qf5 Qb5 22. Rxg7 Kxg7 23. Rg1+ Kf8 24. Qxh7 1-0